| 000 | 00568nam a2200229Ia 4500 | ||
|---|---|---|---|
| 003 | OSt | ||
| 005 | 20250711143811.0 | ||
| 008 | 210423s2005 xx 000 0 und d | ||
| 020 | _a978451264889 | ||
| 040 | _cAL | ||
| 041 | _aeng | ||
| 082 |
_a070.4 _bMUNJ |
||
| 100 |
_aMuniruddin _977203 |
||
| 245 |
_aJournalism _b: outlines |
||
| 260 |
_aNew Delhi _bAnmol Publications _c2005 |
||
| 300 |
_aix,420 _bPB |
||
| 365 |
_b275 _cINR |
||
| 650 |
_aJournalism _977204 |
||
| 650 |
_aJournalism & Media _977205 |
||
| 906 | _aJournalism: ; outlines | ||
| 942 |
_2ddc _cBK |
||
| 999 |
_c155744 _d155744 |
||